The Human body : (Record no. 12136)
[ view plain ]
| 000 -LEADER | |
|---|---|
| fixed length control field | 00831nam a22002412 4500 |
| 001 - CONTROL NUMBER | |
| control field | 0000020347 |
| 005 - DATE AND TIME OF LATEST TRANSACTION | |
| control field | 20151217155228.0 |
| 008 - FIXED-LENGTH DATA ELEMENTS--GENERAL INFORMATION | |
| fixed length control field | 110913s xx 000 0 eng d |
| 020 ## - INTERNATIONAL STANDARD BOOK NUMBER | |
| International Standard Book Number | 0199289073 : |
| 040 ## - CATALOGING SOURCE | |
| Original cataloging agency | KABU |
| Transcribing agency | KABU |
| 100 1# - MAIN ENTRY--PERSONAL NAME | |
| Personal name | Pocock, Gillian. |
| -- | 0000180540 |
| 245 14 - TITLE STATEMENT | |
| Title | The Human body : |
| Remainder of title | an introduction for the biomedical and health sciences / |
| Statement of responsibility, etc. | Gillian Pocock & Christopher D. Richards. |
| 250 ## - EDITION STATEMENT | |
| Edition statement | 1st ed. |
| 260 ## - PUBLICATION, DISTRIBUTION, ETC. (IMPRINT) | |
| Place of publication, distribution, etc. | Oxford : |
| Name of publisher, distributor, etc. | O. U. P., |
| Date of publication, distribution, etc. | 2009. |
| 300 ## - PHYSICAL DESCRIPTION | |
| Extent | xviii, 795 p. |
| 650 #0 - SUBJECT ADDED ENTRY--TOPICAL TERM | |
| Topical term or geographic name as entry element | Human physiology. |
| -- | 0000155597 |
| 650 #0 - SUBJECT ADDED ENTRY--TOPICAL TERM | |
| Topical term or geographic name as entry element | Physiology, Pathological. |
| -- | 0000155866 |
| 700 1# - ADDED ENTRY--PERSONAL NAME | |
| Personal name | Richards, Christopher D. |
| -- | 0000180541 |
| 852 1# - LOCATION | |
| -- | p5180 KES |
| 852 1# - LOCATION | |
| -- | p4900 KES |
| 908 ## - PUT COMMAND PARAMETER (RLIN) | |
| Put command parameter | 110913 |
| 950 ## - LOCAL HOLDINGS (RLIN) | |
| -- | 1 |
| Withdrawn status | Lost status | Source of classification or shelving scheme | Not for loan | Home library | Current library | Date acquired | Total Checkouts | Total Renewals | Full call number | Barcode | Date last seen | Date last checked out | Price effective from | Koha item type |
|---|---|---|---|---|---|---|---|---|---|---|---|---|---|---|
| Library of Congress Classification | Kabarak, Main Campus | Kabarak, Main Campus | 17/12/2015 | 28 | 5 | QP34.5 .P63 2009 c. 2 | 015006 | 09/12/2022 | 02/12/2022 | 17/12/2015 | General Collection | |||
| Library of Congress Classification | Kabarak, Main Campus | Kabarak, Main Campus | 17/12/2015 | 10 | QP34.5 .P63 2009 c. 1 | 21298 | 31/01/2026 | 13/01/2026 | 17/12/2015 | General Collection |